| 000 | 01266nam a2200277 u 4500 | ||
|---|---|---|---|
| 001 | 000567073 | ||
| 003 | AM-YeHGA | ||
| 005 | 20250617140631.0 | ||
| 008 | 080213s1841 it r 000 0 fre d | ||
| 040 | _aAM-YeHGA | ||
| 041 | 0 | _aarm | |
| 041 | 1 |
_afre _harm |
|
| 100 | 0 |
_aՄովսես Խորենացի, _dV դ. |
|
| 245 | 1 | 0 |
_aHistoire d’Arménie / _cMoïse de Khorène; texte arménien et traduction française par Paul-Émile Le Vaillant de Florival. |
| 260 |
_aVenise : _bImprimerie Arménienne de Saint-Lazare, _c1841. |
||
| 300 |
_a2 v. : _bport., fold. map. ; _c23 cm. |
||
| 500 | _aArmenian and French on opposite pages. | ||
| 500 | _a"Apercu general sur l’Armenie": V. 2, 80 p. | ||
| 500 | _aDictionnaire historique, geographique, philologique et critique pour servir d’annotations a l’histoire d’Armenie": V. 2, 210 p. | ||
| 500 | _a"Avec notes explicatives et precis historiques sur l'Armenie ouvrage dedie A S. M. Imperiale Nicolas I Empereur de Toutes les Russies" | ||
| 505 | 0 |
_gT. 1 (1841; xiii, 389, [14] p.) ; _gT. 2 (1841; 207, [27], 210, 80 p.) |
|
| 630 | 0 | 0 | _aArmenian history |
| 651 | 4 |
_aՀայաստան _xՊատմություն |
|
| 700 | 1 |
_aLe Vaillant de Florival , Paul-Émile _d1799-1862 _4aui _4trl |
|
| 090 | _c225117 | ||
| 999 |
_c223582 _d223582 |
||